000 00317nam a22001337a 4500
003 SGT
082 _a954.03
_bA21T
100 _aTRIPATHI, SATYVRAT
245 _aAAZAD KI SAURYAGATHA
260 _aINDIA
_bINDIRA GANDHI RASTRIYA KALA KENDRA
_c2021
300 _a118
650 _aFREEDOM FIGHTERS
942 _2ddc
_cBK
999 _c26142
_d26142